Sin los ojos /

Guardado en:
Autor Principal: Valentino, Esteban
Otros Autores: Zabala, Javier; il.
Formato: Libro
Publicado: Buenos Aires : Sm, 2014
Series:El Barco de Vapor ; 15
Materias:
Etiquetas: Agregar Etiqueta
Sin Etiquetas, Sea el primero en etiquetar este registro!
LEADER 01157nam a22003015a 4500
001 CEM.cems015203
008 130507s2014##################000#0#####d
005 20221026111411.0
245 1 0 |a Sin los ojos /  |c Esteban Valentino; ilustrado por Javier Zabala. 
260 |a Buenos Aires :  |b Sm,  |c 2014 
300 |a 96 p. 
490 0 |a El Barco de Vapor ;  |v 15 
020 |a 9789877311143 
100 1 |a Valentino, Esteban 
700 1 |a Zabala, Javier; il. 
082 0 4 |a A863.4 
653 |a Literatura 
653 |a Literatura argentina 
653 |a Literatura infantil 
653 |a Novela 
653 |a Novela infantil 
653 |a Colección ciencias de la educación 
859 |a CEMS  |b BIB. CEMS - Inicial y Primaria  |h A863.4  |i V235  |k IP  |p 4036  |t Ej.1 
859 |a CEMS  |b BIB. CEMS - Ccias. Educacion  |h A863.4  |i V235  |k CE  |p 28381.19  |t Ej.1 
859 |a CEMS  |b BIB. CEMS - Inicial y Primaria  |h A863.4  |i V235  |k IP  |p 6082  |t Ej.2 
859 |a CEMS  |b BIB. CEMS - Ccias. Educacion  |h A863.4  |i V235  |k CE  |p 28573.19  |t Ej.2 
859 |a CEMS  |b BIB. CEMS - Ccias. Educacion  |h A863.4  |i V235  |k CE  |p 28520.19  |t Ej.3 
859 |a CEMS  |b BIB. CEMS - Ccias. Educacion  |h A863.4  |i V235  |k CE  |p 28938.19  |t Ej.4